000 00460nam a2200169 i 4500
001 95459
003 ES-MaACL
005 20230906181717.0
007 t|
008 050530s1971 sp ||||1| spa d
100 1 _aLlaugé Dausá, Félix.
_972729
245 1 0 _aGrandes personajes de la historia /
_cFélix Llaugé Dausá.
260 _aBarcelona :
_bBeta,
_c1971.
300 _a1 v. :
_bil. ;
_c17 cm.
500 _aEs el t. 1.
852 _aES-MaACL
_jP-1906
999 _c95459
_d95459